Die Welt in Fakten, Daten, Trends

Bewaard in:
Bibliografische gegevens
Hoofdauteur: Dollinger, Hans
Formaat: Boek
Taal:Undetermined
Gepubliceerd in: München Heyne 1975
Onderwerpen:
Tags: Voeg label toe
Geen labels, Wees de eerste die dit record labelt!
Thư viện lưu trữ: Trung tâm Học liệu Trường Đại học Cần Thơ
LEADER 00486nam a2200193Ia 4500
001 CTU_104823
008 210402s9999 xx 000 0 und d
082 |a 314.9 
082 |b D665 
100 |a Dollinger, Hans 
245 0 |a Die Welt in Fakten, Daten, Trends 
245 0 |c Hans Dollinger 
260 |a München 
260 |b Heyne 
260 |c 1975 
650 |a Statistics 
650 |x Industries 
904 |i Năm 
980 |a Trung tâm Học liệu Trường Đại học Cần Thơ